[Event "2023 National K-12 Grade Championships"]
[Site "Orlando, Florida, United States"]
[Date "2023.12.16"]
[Round "4.23"]
[White "Cheng, Samuel"]
[Black "Zhu, Linxi"]
[Result "0-1"]
[TimeControl "G/90;d10"]
[WhiteElo "1647"]
[BlackElo "2100"]

1. d4 {[%clk 01:30:00]} {[%emt 00:00:02]} Nf6 {[%clk 01:29:39]} {[%emt
00:00:31]} 2. c4 {[%clk 01:30:00]} {[%emt 00:00:07]} c5 {[%clk 01:29:39]}
{[%emt 00:00:03]} 3. d5 {[%clk 01:29:57]} {[%emt 00:00:14]} g6 {[%clk
01:29:39]} {[%emt 00:00:05]} 4. Nc3 {[%clk 01:29:53]} {[%emt 00:00:14]} Bg7
{[%clk 01:29:39]} {[%emt 00:00:06]} 5. e4 {[%clk 01:29:50]} {[%emt 00:00:14]}
d6 {[%clk 01:29:39]} {[%emt 00:00:05]} 6. Nf3 {[%clk 01:29:32]} {[%emt
00:00:28]} O-O {[%clk 01:29:39]} {[%emt 00:00:08]} 7. Be2 {[%clk 01:29:18]}
{[%emt 00:00:23]} e6 {[%clk 01:29:39]} {[%emt 00:00:07]} 8. O-O {[%clk
01:29:16]} {[%emt 00:00:10]} exd5 {[%clk 01:29:39]} {[%emt 00:00:05]} 9. cxd5
{[%clk 01:29:16]} {[%emt 00:00:07]} Bg4 {[%clk 01:29:39]} {[%emt 00:00:04]} 10.
Qc2 {[%clk 01:27:03]} {[%emt 00:02:22]} Bxf3 {[%clk 01:29:15]} {[%emt
00:00:35]} 11. Bxf3 {[%clk 01:24:29]} {[%emt 00:02:43]} a6 {[%clk 01:29:15]}
{[%emt 00:00:08]} 12. a4 {[%clk 01:23:10]} {[%emt 00:01:29]} Nbd7 {[%clk
01:29:15]} {[%emt 00:00:07]} 13. Bf4 {[%clk 01:21:48]} {[%emt 00:01:31]} Qe7
{[%clk 01:28:46]} {[%emt 00:00:39]} 14. Rfe1 {[%clk 01:18:26]} {[%emt
00:03:32]} Ne5 {[%clk 01:28:30]} {[%emt 00:00:27]} 15. Be2 {[%clk 01:14:48]}
{[%emt 00:03:47]} Rfe8 {[%clk 01:28:12]} {[%emt 00:00:29]} 16. Bxe5 {[%clk
01:13:10]} {[%emt 00:01:47]} Qxe5 {[%clk 01:28:12]} {[%emt 00:00:08]} 17. Bf1
{[%clk 01:11:10]} {[%emt 00:02:10]} Ng4 {[%clk 01:25:57]} {[%emt 00:02:25]} 18.
g3 {[%clk 01:08:50]} {[%emt 00:02:28]} Qh5 {[%clk 01:25:09]} {[%emt 00:00:59]}
19. h3 {[%clk 01:05:55]} {[%emt 00:03:04]} Ne5 {[%clk 01:24:36]} {[%emt
00:00:44]} 20. Bg2 {[%clk 01:05:03]} {[%emt 00:01:01]} c4 {[%clk 01:21:59]}
{[%emt 00:02:48]} 21. Re2 {[%clk 01:00:23]} {[%emt 00:04:50]} b5 {[%clk
01:20:39]} {[%emt 00:01:31]} 22. axb5 {[%clk 00:59:00]} {[%emt 00:01:32]} axb5
{[%clk 01:20:39]} {[%emt 00:00:07]} 23. Rf1 {[%clk 00:56:13]} {[%emt 00:02:56]}
Rab8 {[%clk 01:19:01]} {[%emt 00:01:49]} 24. f4 {[%clk 00:51:04]} {[%emt
00:05:18]} Nd3 {[%clk 01:18:06]} {[%emt 00:01:05]} 25. f5 {[%clk 00:49:10]}
{[%emt 00:02:04]} b4 {[%clk 01:15:34]} {[%emt 00:02:43]} 26. Nd1 {[%clk
00:48:29]} {[%emt 00:00:50]} b3 {[%clk 01:14:00]} {[%emt 00:01:45]} 27. Qd2
{[%clk 00:47:07]} {[%emt 00:01:31]} Be5 {[%clk 01:09:45]} {[%emt 00:04:25]} 28.
Kh2 {[%clk 00:46:29]} {[%emt 00:00:47]} Nxb2 {[%clk 01:04:52]} {[%emt
00:05:04]} 29. Nxb2 {[%clk 00:37:33]} {[%emt 00:09:06]} c3 {[%clk 01:04:52]}
{[%emt 00:00:09]} 30. Qe3 {[%clk 00:35:24]} {[%emt 00:02:19]} cxb2 {[%clk
01:04:45]} {[%emt 00:00:16]} 31. fxg6 {[%clk 00:32:06]} {[%emt 00:03:28]} hxg6
{[%clk 01:02:49]} {[%emt 00:02:07]} 32. Ref2 {[%clk 00:30:16]} {[%emt
00:01:59]} f6 {[%clk 01:02:13]} {[%emt 00:00:47]} 33. Bf3 {[%clk 00:29:46]}
{[%emt 00:00:38]} Qh7 {[%clk 01:01:14]} {[%emt 00:01:10]} 34. Bg4 {[%clk
00:28:00]} {[%emt 00:01:56]} Rb7 {[%clk 00:55:19]} {[%emt 00:06:05]} 35. Be6+
{[%clk 00:24:40]} {[%emt 00:03:30]} Kg7 {[%clk 00:55:12]} {[%emt 00:00:18]} 36.
Rf3 {[%clk 00:23:41]} {[%emt 00:01:08]} Ra8 {[%clk 00:52:52]} {[%emt 00:02:30]}
37. Rb1 {[%clk 00:22:41]} {[%emt 00:01:09]} Ra1 {[%clk 00:51:18]} {[%emt
00:01:45]} 38. Rff1 {[%clk 00:22:19]} {[%emt 00:00:31]} Qh8 {[%clk 00:50:16]}
{[%emt 00:01:13]} 39. Qd3 {[%clk 00:20:41]} {[%emt 00:01:47]} Qd8 {[%clk
00:48:27]} {[%emt 00:01:59]} 40. Qc4 {[%clk 00:19:32]} {[%emt 00:01:18]} Qb8
{[%clk 00:43:48]} {[%emt 00:04:51]} 41. Qe2 {[%clk 00:17:29]} {[%emt 00:02:13]}
Qc7 {[%clk 00:42:43]} {[%emt 00:01:16]} 0-1

[Event "2023 National K-12 Grade Championships"]
[Site "Orlando, Florida, United States"]
[Date "2023.12.16"]
[Round "4.24"]
[White "Jani, Aakash"]
[Black "Birudavolu, Sathvik"]
[Result "1-0"]
[TimeControl "G/90;d10"]
[WhiteElo "1884"]
[BlackElo "1460"]

1. e4 {[%clk 01:30:00]} {[%emt 00:00:06]} e5 {[%clk 01:29:56]} {[%emt
00:00:14]} 2. Nf3 {[%clk 01:30:00]} {[%emt 00:00:06]} Nc6 {[%clk 01:29:51]}
{[%emt 00:00:15]} 3. Nc3 {[%clk 01:30:00]} {[%emt 00:00:09]} Nf6 {[%clk
01:29:49]} {[%emt 00:00:12]} 4. a3 {[%clk 01:30:00]} {[%emt 00:00:05]} Bc5
{[%clk 01:29:26]} {[%emt 00:00:33]} 5. Nxe5 {[%clk 01:30:00]} {[%emt 00:00:08]}
Nxe5 {[%clk 01:28:52]} {[%emt 00:00:44]} 6. d4 {[%clk 01:30:00]} {[%emt
00:00:09]} Bd6 {[%clk 01:28:21]} {[%emt 00:00:40]} 7. f4 {[%clk 01:30:00]}
{[%emt 00:00:08]} Nc6 {[%clk 01:25:43]} {[%emt 00:02:48]} 8. e5 {[%clk
01:30:00]} {[%emt 00:00:09]} Be7 {[%clk 01:25:09]} {[%emt 00:00:44]} 9. d5
{[%clk 01:30:00]} {[%emt 00:00:07]} Nb8 {[%clk 01:23:59]} {[%emt 00:01:21]} 10.
exf6 {[%clk 01:30:00]} {[%emt 00:00:07]} Bxf6 {[%clk 01:23:38]} {[%emt
00:00:31]} 11. Bd3 {[%clk 01:29:33]} {[%emt 00:00:37]} d6 {[%clk 01:21:57]}
{[%emt 00:01:52]} 12. O-O {[%clk 01:29:30]} {[%emt 00:00:12]} O-O {[%clk
01:21:27]} {[%emt 00:00:41]} 13. Ne4 {[%clk 01:29:19]} {[%emt 00:00:21]} Nd7
{[%clk 01:20:00]} {[%emt 00:01:37]} 14. c4 {[%clk 01:28:47]} {[%emt 00:00:41]}
Bd4+ {[%clk 01:17:18]} {[%emt 00:02:52]} 15. Kh1 {[%clk 01:28:47]} {[%emt
00:00:10]} Nf6 {[%clk 01:13:41]} {[%emt 00:03:48]} 16. Ng5 {[%clk 01:28:14]}
{[%emt 00:00:42]} Bb6 {[%clk 01:09:48]} {[%emt 00:04:04]} 17. b4 {[%clk
01:26:54]} {[%emt 00:01:29]} h6 {[%clk 01:07:52]} {[%emt 00:02:07]} 18. Nf3
{[%clk 01:25:48]} {[%emt 00:01:15]} a6 {[%clk 01:06:04]} {[%emt 00:01:59]} 19.
h3 {[%clk 01:24:55]} {[%emt 00:01:02]} Bd7 {[%clk 01:04:55]} {[%emt 00:01:19]}
20. Bb2 {[%clk 01:24:33]} {[%emt 00:00:32]} a5 {[%clk 00:53:57]} {[%emt
00:11:09]} 21. Nd2 {[%clk 01:23:03]} {[%emt 00:01:39]} Nh7 {[%clk 00:32:50]}
{[%emt 00:21:17]} 22. Qf3 {[%clk 01:21:10]} {[%emt 00:02:03]} Nf6 {[%clk
00:26:55]} {[%emt 00:06:05]} 23. Ne4 {[%clk 01:20:54]} {[%emt 00:00:26]} Nxe4
{[%clk 00:23:45]} {[%emt 00:03:21]} 24. Qxe4 {[%clk 01:20:33]} {[%emt
00:00:31]} f5 {[%clk 00:23:31]} {[%emt 00:00:23]} 25. Qf3 {[%clk 01:20:33]}
{[%emt 00:00:06]} Rf7 {[%clk 00:20:13]} {[%emt 00:03:29]} 26. Qg3 {[%clk
01:20:15]} {[%emt 00:00:27]} Kh7 {[%clk 00:18:43]} {[%emt 00:01:41]} 27. Be2
{[%clk 01:19:35]} {[%emt 00:00:50]} Re7 {[%clk 00:15:51]} {[%emt 00:03:00]} 28.
Rfe1 {[%clk 01:18:31]} {[%emt 00:01:14]} Be8 {[%clk 00:14:15]} {[%emt
00:01:48]} 29. Bd3 {[%clk 01:18:03]} {[%emt 00:00:38]} Bg6 {[%clk 00:11:49]}
{[%emt 00:02:35]} 30. h4 {[%clk 01:16:09]} {[%emt 00:02:04]} Rxe1+ {[%clk
00:07:00]} {[%emt 00:04:59]} 31. Rxe1 {[%clk 01:16:07]} {[%emt 00:00:12]} Qf8
{[%clk 00:06:27]} {[%emt 00:00:44]} 32. h5 {[%clk 01:15:21]} {[%emt 00:00:55]}
Bxh5 {[%clk 00:04:42]} {[%emt 00:01:55]} 33. Bxf5+ {[%clk 01:15:14]} {[%emt
00:00:18]} g6 {[%clk 00:04:04]} {[%emt 00:00:47]} 34. Qh4 {[%clk 01:13:47]}
{[%emt 00:01:37]} gxf5 {[%clk 00:03:15]} {[%emt 00:00:59]} 35. Qxh5 {[%clk
01:12:09]} {[%emt 00:01:48]} axb4 {[%clk 00:01:45]} {[%emt 00:01:40]} 36. Re6
{[%clk 01:12:04]} {[%emt 00:00:16]} 1-0

[Event "2023 National K-12 Grade Championships"]
[Site "Orlando, Florida, United States"]
[Date "2023.12.16"]
[Round "4.25"]
[White "Zhou, Elizabeth"]
[Black "Maddipati, Srihas Sai Sarvesh"]
[Result "1-0"]
[TimeControl "G/90;d10"]
[WhiteElo "1500"]
[BlackElo "1791"]

1. e4 {[%clk 01:30:00]} {[%emt 00:00:18]} e5 {[%clk 01:29:28]} {[%emt
00:00:26]} 2. Nf3 {[%clk 01:29:58]} {[%emt 00:00:33]} Nc6 {[%clk 01:28:18]}
{[%emt 00:02:06]} 3. Bb5 {[%clk 01:29:56]} a6 {[%clk 01:26:05]} {[%emt
00:01:58]} 4. Ba4 {[%clk 01:29:42]} b5 {[%clk 01:23:28]} {[%emt 00:02:57]} 5.
Bb3 {[%clk 01:29:32]} {[%emt 00:00:23]} Nf6 {[%clk 01:22:32]} {[%emt 00:01:05]}
6. d3 {[%clk 01:29:15]} {[%emt 00:01:28]} Be7 {[%clk 01:20:28]} {[%emt
00:01:04]} 7. a4 {[%clk 01:28:16]} {[%emt 00:01:04]} Bb7 {[%clk 01:16:03]}
{[%emt 00:04:44]} 8. O-O {[%clk 01:26:30]} {[%emt 00:01:46]} O-O {[%clk
01:12:49]} {[%emt 00:03:30]} 9. Be3 {[%clk 01:25:08]} {[%emt 00:01:21]} d6
{[%clk 01:02:39]} {[%emt 00:10:22]} 10. Nc3 {[%clk 01:23:13]} {[%emt 00:02:13]}
b4 {[%clk 01:02:12]} {[%emt 00:00:31]} 11. Ne2 {[%clk 01:22:55]} {[%emt
00:00:34]} Na5 {[%clk 01:01:14]} {[%emt 00:01:07]} 12. Ng3 {[%clk 01:20:53]}
{[%emt 00:02:15]} Nxb3 {[%clk 01:01:09]} {[%emt 00:00:06]} 13. cxb3 {[%clk
01:20:53]} {[%emt 00:00:31]} Bc8 {[%clk 01:01:06]} 14. h3 {[%clk 01:20:07]}
{[%emt 00:00:58]} Be6 {[%clk 01:00:50]} {[%emt 00:00:16]} 15. Rc1 {[%clk
01:18:33]} {[%emt 00:01:42]} Qd7 {[%clk 01:00:20]} {[%emt 00:00:42]} 16. Ng5
{[%clk 01:17:51]} {[%emt 00:01:40]} c5 {[%clk 01:00:14]} 17. Nxe6 {[%clk
01:17:17]} {[%emt 00:00:10]} fxe6 {[%clk 01:00:14]} {[%emt 00:00:18]} 18. f4
{[%clk 01:15:37]} {[%emt 00:01:39]} exf4 {[%clk 00:59:26]} {[%emt 00:01:58]} 19.
Bxf4 {[%clk 01:15:33]} d5 {[%clk 00:59:01]} 20. e5 {[%clk 01:14:43]} {[%emt
00:00:50]} Ne8 {[%clk 00:59:01]} {[%emt 00:00:33]} 21. Qg4 {[%clk 01:14:12]}
{[%emt 00:00:32]} Nc7 {[%clk 00:57:42]} {[%emt 00:01:11]} 22. Bh6 {[%clk
01:11:48]} {[%emt 00:03:06]} Rxf1+ {[%clk 00:57:23]} 23. Rxf1 {[%clk 01:11:11]}
{[%emt 00:01:36]} g6 {[%clk 00:57:23]} 24. Nh5 {[%clk 01:09:04]} {[%emt
00:01:27]} c4 {[%clk 00:49:29]} {[%emt 00:08:33]} 25. Qf4 {[%clk 01:06:06]}
{[%emt 00:03:41]} Qe8 {[%clk 00:46:28]} {[%emt 00:02:37]} 26. Nf6+ {[%clk
01:04:45]} {[%emt 00:02:18]} Bxf6 {[%clk 00:46:26]} 27. Qxf6 {[%clk 01:04:42]}
Qd7 {[%clk 00:42:23]} {[%emt 00:04:11]} 28. Qf8+ {[%clk 01:04:42]} Rxf8 {[%clk
00:42:23]} 29. Rxf8# {[%clk 01:04:42]} 1-0

[Event "2023 National K-12 Grade Championships"]
[Site "Orlando, Florida, United States"]
[Date "2023.12.16"]
[Round "4.26"]
[White "Li, Aiden Linyuan"]
[Black "He, Jayden"]
[Result "1-0"]
[TimeControl "G/90;d10"]
[WhiteElo "1832"]
[BlackElo "1348"]

1. e4 {[%clk 01:30:00]} {[%emt 00:00:07]} c5 {[%clk 01:30:00]} {[%emt
00:00:01]} 2. Nf3 {[%clk 01:30:00]} {[%emt 00:00:08]} d6 {[%clk 01:30:00]}
{[%emt 00:00:02]} 3. d4 {[%clk 01:30:00]} {[%emt 00:00:06]} cxd4 {[%clk
01:30:00]} {[%emt 00:00:04]} 4. Nxd4 {[%clk 01:30:00]} {[%emt 00:00:06]} Nf6
{[%clk 01:30:00]} {[%emt 00:00:04]} 5. Nc3 {[%clk 01:30:00]} {[%emt 00:00:07]}
g6 {[%clk 01:30:00]} {[%emt 00:00:02]} 6. Be3 {[%clk 01:30:00]} {[%emt
00:00:09]} Bg7 {[%emt 00:00:08]} 7. f3 {[%clk 01:30:00]} {[%emt 00:00:06]} O-O
{[%clk 01:30:00]} {[%emt 00:00:05]} 8. Qd2 {[%clk 01:30:00]} {[%emt 00:00:04]}
Nc6 {[%clk 01:30:00]} {[%emt 00:00:07]} 9. O-O-O {[%clk 01:30:00]} {[%emt
00:00:07]} Nxd4 {[%clk 01:30:00]} {[%emt 00:00:02]} 10. Bxd4 {[%clk 01:30:00]}
{[%emt 00:00:08]} Be6 {[%clk 01:30:00]} {[%emt 00:00:04]} 11. g4 {[%clk
01:29:15]} {[%emt 00:00:55]} a6 {[%clk 01:29:54]} {[%emt 00:00:17]} 12. h4
{[%clk 01:29:15]} {[%emt 00:00:09]} b5 {[%clk 01:29:54]} {[%emt 00:00:04]} 13.
h5 {[%clk 01:28:51]} {[%emt 00:00:35]} b4 {[%clk 01:29:50]} {[%emt 00:00:14]}
14. Nd5 {[%clk 01:28:51]} {[%emt 00:00:07]} Nxd5 {[%clk 01:29:33]} {[%emt
00:00:26]} 15. exd5 {[%clk 01:28:51]} {[%emt 00:00:08]} Bxd5 {[%clk 01:29:31]}
{[%emt 00:00:08]} 16. Bxg7 {[%clk 01:28:40]} {[%emt 00:00:26]} Bxf3 {[%clk
01:29:02]} {[%emt 00:00:40]} 17. Bxf8 {[%clk 01:28:37]} {[%emt 00:00:12]} Bxh1
{[%clk 01:28:57]} {[%emt 00:00:15]} 18. Bh6 {[%clk 01:28:37]} {[%emt 00:00:09]}
Bf3 {[%clk 01:28:48]} {[%emt 00:00:19]} 19. Re1 {[%clk 01:28:24]} {[%emt
00:00:22]} Bxg4 {[%clk 01:28:34]} {[%emt 00:00:24]} 20. Qd4 {[%clk 01:28:24]}
{[%emt 00:00:05]} Bf5 {[%clk 01:27:14]} {[%emt 00:01:31]} 21. Qg7# {[%emt
00:00:30]} 1-0

[Event "2023 National K-12 Grade Championships"]
[Site "Orlando, Florida, United States"]
[Date "2023.12.16"]
[Round "4.27"]
[White "Tang, Edward Jiayi"]
[Black "Katta, Sriansh"]
[Result "0-1"]
[TimeControl "G/90;d10"]
[WhiteElo "1330"]
[BlackElo "1789"]

1. e4 {[%emt 00:02:49]} c5 2. Nc3 {[%emt 00:00:12]} Nc6 3. g3 g6 4. Bg2 {[%emt
00:00:21]} Bg7 5. d3 {[%emt 00:00:11]} e6 {[%emt 00:01:52]} 6. f4 Nge7 {[%emt
00:01:34]} 7. Nf3 d5 8. O-O {[%emt 00:01:59]} O-O {[%emt 00:00:07]} 9. exd5
{[%emt 00:04:05]} exd5 10. Bd2 {[%emt 00:00:33]} h6 {[%emt 00:09:39]} 11. Qe2
{[%emt 00:04:04]} Re8 {[%emt 00:00:08]} 12. Qf2 {[%emt 00:01:16]} Nd4 {[%emt
00:01:05]} 13. Nxd4 {[%emt 00:02:23]} Bxd4 {[%emt 00:01:02]} 14. Be3 Bxe3 15.
Qxe3 {[%emt 00:00:13]} d4 {[%emt 00:01:22]} 16. Qd2 {[%emt 00:00:15]} dxc3
{[%emt 00:01:43]} 17. Qxc3 {[%emt 00:00:15]} Qd4+ {[%emt 00:04:19]} 18. Qxd4
{[%emt 00:00:43]} cxd4 19. Rfe1 {[%emt 00:01:03]} Be6 20. Re4 {[%emt 00:02:04]}
Nc6 {[%emt 00:01:35]} 21. a3 {[%emt 00:00:50]} Bf5 {[%emt 00:00:16]} 22. Ree1
{[%emt 00:02:06]} Re3 {[%emt 00:07:51]} 23. Kf2 {[%emt 00:02:35]} Rae8 {[%emt
00:00:30]} 24. b4 {[%emt 00:02:43]} Bg4 {[%emt 00:00:38]} 25. h3 {[%emt
00:02:18]} Bd7 {[%emt 00:05:48]} 26. Be4 {[%emt 00:01:53]} Rxe1 {[%emt
00:03:19]} 27. Rxe1 Bf5 {[%emt 00:04:36]} 28. b5 {[%emt 00:01:55]} Bxe4 {[%emt
00:02:10]} 29. Rxe4 Rxe4 30. dxe4 Na5 {[%emt 00:00:03]} 31. Ke2 {[%emt
00:00:20]} Nc4 {[%emt 00:00:40]} 32. a4 {[%emt 00:01:07]} Nb2 33. a5 Kf8 34. a6
{[%emt 00:00:15]} bxa6 {[%emt 00:01:13]} 35. bxa6 Ke7 36. Kd2 Kd6 {[%emt
00:00:35]} 37. Kc1 {[%emt 00:00:26]} Nc4 {[%emt 00:00:24]} 38. Kd1 Kc5 39. Ke2
{[%emt 00:00:06]} Nb2 {[%emt 00:00:08]} 40. Kd2 {[%emt 00:00:04]} Kb5 {[%emt
00:00:34]} 41. f5 {[%emt 00:00:14]} gxf5 {[%emt 00:00:39]} 42. exf5 {[%emt
00:00:27]} Kxa6 {[%emt 00:00:15]} 43. g4 {[%emt 00:00:55]} Kb5 {[%emt
00:00:54]} 44. h4 {[%emt 00:00:42]} Kc5 45. h5 {[%emt 00:00:23]} f6 {[%emt
00:00:10]} 46. Kc1 {[%emt 00:00:11]} Nc4 {[%emt 00:00:08]} 47. Kb1 {[%emt
00:00:06]} Ne5 {[%emt 00:00:28]} 48. Ka2 {[%emt 00:01:21]} Nxg4 49. Kb3 Ne3 50.
Kb2 Nxf5 {[%emt 00:00:06]} 51. Kb3 {[%emt 00:00:07]} Ng3 {[%emt 00:00:27]} 52.
Ka4 f5 53. Ka5 f4 {[%emt 00:00:08]} 54. Ka6 f3 55. Kxa7 {[%emt 00:00:06]} f2
{[%emt 00:00:45]} 56. Kb7 f1=Q 57. c4 Qf7+ {[%emt 00:00:10]} 58. Ka6 {[%clk
00:54:16]} {[%emt 00:00:03]} Qe6+ {[%clk 00:43:08]} 59. Kb7 {[%clk 00:53:50]}
{[%emt 00:01:33]} Qb6+ {[%clk 00:43:08]} {[%emt 00:00:26]} 60. Kc8 {[%clk
00:53:42]} {[%emt 00:00:09]} Kc6 {[%clk 00:42:57]} {[%emt 00:01:20]} 61. c5
{[%clk 00:53:42]} Qc7# {[%clk 00:42:53]} 0-1